[Event "CRO-chT U20 22nd"]
[Site "Durdevac"]
[Date "2013.03.30"]
[Round "9"]
[White "Matanovic, Luka"]
[Black "Samanic, Verena"]
[Result "1-0"]
[WhiteElo "1951"]
[BlackElo "1626"]
[PlyCount "59"]
[EventDate "2013.03.25"]
[EventType "team-tourn"]
[EventRounds "9"]
[EventCountry "CRO"]
[SourceTitle "CBM 153 Extra"]
[Source "ChessBase"]
[SourceDate "2013.04.22"]
[SourceVersion "1"]
[SourceVersionDate "2013.04.22"]
[SourceQuality "1"]

1. e4 e5 2. Nf3 Nc6 3. Bb5 Nge7 4. 0-0 a6 5. Ba4 d6 6. c3 b5 7. Bb3 Bg4 8. Bxf7+ Kd7 9. h3 Bxf3 10. Qxf3 Kc8 11. a4 Kb7 12. Qe2 Na7 13. d4 c6 14. Be3 Qc7 15. Nd2 Nec8 16. Be6 Qe7 17. d5 c5 18. axb5 axb5 19. Ra5 Qd8 20. Rfa1 Nb6 21. Nb3 Nc4 22. Ra6 Be7 23. Na5+ Nxa5 24. R1xa5 Qc7 25. Rxb5+ Kxa6 26. Rxc5+ Kb7 27. Rxc7+ Kxc7 28. Qc4+ Kb7 29. Qb4+ Kc7 30. Qb6# 1-0

[Event "CRO-chT U20 22nd"]
[Site "Durdevac"]
[Date "2013.03.25"]
[Round "2"]
[White "Bosnjak, Petar"]
[Black "Samanic, Verena"]
[Result "1-0"]
[WhiteElo "2056"]
[BlackElo "1626"]
[PlyCount "29"]
[EventDate "2013.03.25"]
[EventType "team-tourn"]
[EventRounds "9"]
[EventCountry "CRO"]
[SourceTitle "CBM 153 Extra"]
[Source "ChessBase"]
[SourceDate "2013.04.22"]
[SourceVersion "1"]
[SourceVersionDate "2013.04.22"]
[SourceQuality "1"]

1. e4 e6 2. d4 d5 3. Nd2 dxe4 4. Nxe4 Nd7 5. Bd3 Be7 6. Nf3 Ngf6 7. Qe2 b6 8. Ne5 Bb7 9. Nxf7 Kxf7 10. Ng5+ Ke8 11. Nxe6 Qc8 12. Nxg7+ Kd8 13. Ne6+ Ke8 14. Bf4 a5 15. Nxc7+ 1-0

[Event "CRO-chT U20 21st"]
[Site "Topusko"]
[Date "2012.04.04"]
[Round "8.34"]
[White "Saric, Luka"]
[Black "Samanic, Verena"]
[Result "1-0"]
[WhiteElo "1841"]
[BlackElo "1644"]
[PlyCount "69"]
[EventDate "2012.04.01"]
[EventType "team-tourn"]
[EventRounds "11"]
[EventCountry "CRO"]
[SourceTitle "EXT 2013"]
[Source "ChessBase"]
[SourceDate "2012.11.22"]
[SourceVersion "1"]
[SourceVersionDate "2012.11.22"]
[SourceQuality "1"]

1. d4 b6 2. Nf3 Bb7 3. c4 e6 4. Nc3 Nf6 5. g3 d5 6. cxd5 Nxd5 7. Nxd5 Bxd5 8. Bg2 Be7 9. 0-0 0-0 10. Bf4 Nd7 11. Rc1 c5 12. dxc5 Bxc5 13. Nd4 Bxg2 14. Kxg2 e5 15. Nc6 Qf6 16. Qxd7 exf4 17. b4 Qd6 18. Rfd1 Qxd7 19. Rxd7 fxg3 20. hxg3 Rfe8 21. bxc5 Rxe2 22. Rxa7 Rxa7 23. Nxa7 bxc5 24. Rxc5 Kf8 25. a4 Ke7 26. Kf3 Ra2 27. Nc8+ Kd7 28. g4 h6 29. Nb6+ Kd6 30. Ra5 g6 31. Ra7 Ke6 32. Nc4 f5 33. Ra6+ Kd5 34. Ne3+ Ke5 35. Ra5+ 1-0

[Event "Mediterranean Flower-A (Women) 12th"]
[Site "Rijeka"]
[Date "2012.03.06"]
[Round "4"]
[White "Srebrnic, Ana"]
[Black "Samanic, Verena"]
[Result "1-0"]
[WhiteElo "2191"]
[BlackElo "1644"]
[PlyCount "81"]
[EventDate "2012.03.03"]
[EventType "tourn"]
[EventRounds "9"]
[EventCountry "CRO"]
[SourceTitle "CBM 147 Extra"]
[Source "ChessBase"]
[SourceDate "2012.04.24"]
[SourceVersion "1"]
[SourceVersionDate "2012.04.24"]
[SourceQuality "1"]

1. d4 d5 2. c4 e6 3. Nc3 Nf6 4. cxd5 exd5 5. Bg5 Be7 6. e3 c6 7. Qc2 0-0 8. Bd3 h6 9. Bf4 Nbd7 10. h3 Nb6 11. Nf3 Re8 12. 0-0 Be6 13. Ne5 Nbd7 14. Bh2 Nxe5 15. dxe5 Nd7 16. Ne2 Nc5 17. Bh7+ Kh8 18. Nd4 Bd7 19. Rad1 Qb6 20. Bf5 Rad8 21. b3 Bf8 22. Kh1 Kg8 23. Bh7+ Kh8 24. Qb1 Ne6 25. Bc2 Kg8 26. f4 Bc5 27. Bg1 Bf8 28. Nf5 Qc7 29. b4 a6 30. a3 g6 31. Nd4 Bg7 32. Nb3 Bc8 33. Nd2 d4 34. Ne4 dxe3 35. Bxe3 h5 36. Nd6 Re7 37. a4 Red7 38. a5 c5 39. bxc5 Nxc5 40. Qb6 Ne4 41. Bxe4 1-0

[Event "Mediterranean Flower-A (Women) 12th"]
[Site "Rijeka"]
[Date "2012.03.05"]
[Round "3"]
[White "Samanic, Verena"]
[Black "Yordanova, Svetla"]
[Result "0-1"]
[WhiteElo "1644"]
[BlackElo "2116"]
[PlyCount "42"]
[EventDate "2012.03.03"]
[EventType "tourn"]
[EventRounds "9"]
[EventCountry "CRO"]
[SourceTitle "CBM 147 Extra"]
[Source "ChessBase"]
[SourceDate "2012.04.24"]
[SourceVersion "1"]
[SourceVersionDate "2012.04.24"]
[SourceQuality "1"]

1. e4 c5 2. Nf3 d6 3. d4 cxd4 4. Nxd4 Nf6 5. Bd3 Nc6 6. c3 g6 7. 0-0 Bg7 8. Re1 0-0 9. Be3 Ng4 10. Qe2 Nxe3 11. Qxe3 Nxd4 12. cxd4 Qb6 13. e5 dxe5 14. dxe5 Qxb2 15. Nd2 Qb4 16. Rab1 Qh4 17. Nf3 Qa4 18. Re2 b6 19. Rc1 Bb7 20. Rc7 Bxf3 21. Qxf3 Qd1+ 0-1

[Event "Mediterranean op 5th"]
[Site "Rijeka"]
[Date "2011.11.11"]
[Round "1"]
[White "Samanic, Verena"]
[Black "Ostovic, Matija"]
[Result "0-1"]
[WhiteElo "1639"]
[BlackElo "2302"]
[PlyCount "120"]
[EventDate "2011.11.11"]
[EventType "swiss"]
[EventRounds "9"]
[EventCountry "CRO"]
[SourceTitle "EXT 2012"]
[Source "ChessBase"]
[SourceDate "2011.11.24"]
[SourceVersion "1"]
[SourceVersionDate "2011.11.24"]
[SourceQuality "1"]

1. e4 c5 2. Nf3 Nc6 3. Bc4 Nf6 4. d3 e6 5. Qe2 d5 6. exd5 Nxd5 7. Bxd5 Qxd5 8. Nc3 Qd7 9. Ne5 Nxe5 10. Qxe5 b6 11. Bd2 Bb7 12. f3 f6 13. Qh5+ g6 14. Qh4 Bg7 15. Bh6 0-0 16. Bxg7 Kxg7 17. 0-0 Rac8 18. Rfe1 Rfd8 19. Re2 Qd4+ 20. Qf2 e5 21. f4 Bc6 22. fxe5 fxe5 23. h3 Rf8 24. Qe3 Rf5 25. Rf1 Rg5 26. Rff2 Qh4 27. Ne4 Bxe4 28. Qxe4 Qxh3 29. Qb7+ Kh6 30. Rf3 Qg4 31. g3 Qd4+ 32. Kg2 Rd8 33. Qe7 Qd6 34. Qxa7 Qe6 35. Qf7 Qxf7 36. Rxf7 Rd4 37. Re4 Rh5 38. Rxd4 exd4 39. Rb7 Re5 40. Kf2 Re6 41. Kf3 g5 42. Rd7 Kg6 43. Rd5 h5 44. a4 Rf6+ 45. Kg2 Re6 46. Kf2 Rc6 47. b3 Kf6 48. Kf3 Re6 49. Kf2 Re5 50. Rd6+ Re6 51. Rd5 Re3 52. Rd6+ Kf5 53. Rxb6 Kg4 54. a5 Rf3+ 55. Ke2 Kxg3 56. Rg6 g4 57. Rg5 h4 58. Rxc5 h3 59. Rh5 Rf2+ 60. Ke1 Rxc2 0-1

[Event "CRO-chT (Women) 20th"]
[Site "Sibenik"]
[Date "2011.10.04"]
[Round "1.2"]
[White "Samanic, Verena"]
[Black "Saric, Zrinka"]
[Result "0-1"]
[WhiteElo "1626"]
[BlackElo "2069"]
[PlyCount "66"]
[EventDate "2011.10.04"]
[EventType "team-tourn"]
[EventRounds "7"]
[EventCountry "CRO"]
[SourceTitle "CBM 144 Extra"]
[Source "ChessBase"]
[SourceDate "2011.10.28"]
[SourceVersion "1"]
[SourceVersionDate "2011.10.28"]
[SourceQuality "1"]
[WhiteTeam "Rijeka (W)"]
[BlackTeam "Rijeka Liburnija (W)"]
[WhiteTeamCountry "CRO"]
[BlackTeamCountry "CRO"]

1. e4 c5 2. Nf3 Nc6 3. Bb5 e6 4. 0-0 Nge7 5. d4 cxd4 6. Nxd4 Qb6 7. Bxc6 Nxc6 8. Nxc6 Qxc6 9. Re1 d6 10. b3 Be7 11. Bb2 0-0 12. Re3 e5 13. c4 Be6 14. Nc3 f5 15. Nd5 Bxd5 16. cxd5 Qb6 17. exf5 Rxf5 18. Rf3 Rxf3 19. Qxf3 Rf8 20. Qe3 Qa5 21. Qd3 Qc5 22. Rf1 Bg5 23. h3 g6 24. Bc3 a5 25. Bd2 Bxd2 26. Qxd2 Rf4 27. Rc1 Rxf2 28. Rxc5 Rxd2 29. Rxa5 Kf8 30. a4 e4 31. Rb5 e3 32. a5 Rd1+ 33. Kh2 e2 0-1

[Event "CRO-ch U17 Girls"]
[Site "Topusko"]
[Date "2011.07.30"]
[Round "9"]
[White "Detelic, Manuela"]
[Black "Samanic, Verena"]
[Result "0-1"]
[WhiteElo "1507"]
[BlackElo "1621"]
[PlyCount "82"]
[EventDate "2011.07.24"]
[EventType "swiss"]
[EventRounds "9"]
[EventCountry "CRO"]
[SourceTitle "EXT 2012"]
[Source "ChessBase"]
[SourceDate "2011.11.24"]
[SourceVersion "1"]
[SourceVersionDate "2011.11.24"]
[SourceQuality "1"]

1. e4 e5 2. Nf3 Nc6 3. Bb5 d6 4. c3 Nf6 5. d3 Bd7 6. Ba4 g6 7. 0-0 Bg7 8. h3 0-0 9. Re1 Kh8 10. Nbd2 Nh5 11. Nf1 f5 12. exf5 gxf5 13. Bc2 Nf6 14. Ng3 Rg8 15. Kh1 Qe8 16. Qe2 Qf7 17. Nh4 f4 18. Ne4 Nxe4 19. dxe4 Bf6 20. Nf5 Qg6 21. Rg1 Ne7 22. Nxe7 Bxe7 23. Bd2 Qh6 24. Kh2 Rg7 25. Bb3 Rf8 26. f3 Rg3 27. Qf1 a6 28. Be1 Rg6 29. Bc4 Bh4 30. Bxh4 Qxh4 31. Qe1 Rg3 32. Bf1 Rfg8 33. Qe2 Bxh3 34. gxh3 Rxg1 35. Qe1 Qg5 36. Qf2 Qg3+ 37. Qxg3 R1xg3 38. Rb1 Rxf3 39. Rc1 Rf2+ 40. Kh1 Rxb2 41. Re1 Rg3 0-1

[Event "CRO-chT U20 20th"]
[Site "Sv Filip i Jakov"]
[Date "2011.04.29"]
[Round "7"]
[White "Ostovic, Matija"]
[Black "Samanic, Verena"]
[Result "1-0"]
[WhiteElo "2232"]
[BlackElo "1635"]
[PlyCount "71"]
[EventDate "2011.04.26"]
[EventType "team-tourn"]
[EventRounds "11"]
[EventCountry "CRO"]
[SourceTitle "EXT 2012"]
[Source "ChessBase"]
[SourceDate "2011.11.24"]
[SourceVersion "1"]
[SourceVersionDate "2011.11.24"]
[SourceQuality "1"]

1. e4 e5 2. Nf3 Nc6 3. Bc4 Bc5 4. c3 Nf6 5. d3 h6 6. b4 Bb6 7. b5 Na5 8. Nxe5 Nxc4 9. Nxc4 d6 10. 0-0 0-0 11. Nxb6 axb6 12. f4 Be6 13. f5 Bd7 14. c4 Qe7 15. Bb2 Rfe8 16. Nd2 Bc8 17. Kh1 Kh7 18. g4 Bd7 19. Qf3 c6 20. bxc6 bxc6 21. Rg1 Ng8 22. g5 f6 23. gxf6 Nxf6 24. Rg6 Rf8 25. Rag1 Rxa2 26. Rxg7+ Qxg7 27. Rxg7+ Kxg7 28. Qg3+ Kf7 29. Qg6+ Ke7 30. Qg7+ Rf7 31. Bxf6+ Ke8 32. Qh8+ Rf8 33. Qxh6 Rg8 34. Bg7 d5 35. Qg6+ Kd8 36. Bf6+ 1-0

[Event "CRO-chT (Women)"]
[Site "Sibenik"]
[Date "2010.09.04"]
[Round "1"]
[White "Samanic, Verena"]
[Black "Novak, Ksenija"]
[Result "0-1"]
[WhiteElo "1576"]
[BlackElo "2176"]
[PlyCount "88"]
[EventDate "2010.09.04"]
[EventType "team-tourn"]
[EventRounds "9"]
[EventCountry "CRO"]
[SourceTitle "CBM 138 Extra"]
[Source "ChessBase"]
[SourceDate "2010.10.29"]
[SourceVersion "1"]
[SourceVersionDate "2010.10.29"]
[SourceQuality "1"]

1. e4 d6 2. d4 Nf6 3. Nd2 e5 4. d5 Be7 5. Ne2 0-0 6. Ng3 c6 7. c4 cxd5 8. cxd5 Ne8 9. Bd3 Bh4 10. Qh5 g6 11. Qf3 Na6 12. Nb3 Ng7 13. Bd2 f5 14. 0-0 f4 15. Ne2 h5 16. Bc4 Bg4 17. Qd3 f3 18. Ng3 fxg2 19. Rfe1 Rf3 20. Re3 Qf6 21. Rxf3 Bxf3 22. Re1 Rf8 23. Qe3 Bxg3 24. fxg3 Bxe4 25. h4 Qf3 26. Qxf3 Bxf3 27. Bg5 Nf5 28. Kh2 Nc7 29. Nd2 Bxd5 30. Bxd5+ Nxd5 31. Kxg2 Rc8 32. b3 Rc2 33. Kf3 Rxa2 34. Rc1 Kf7 35. Rc8 Rb2 36. g4 hxg4+ 37. Kxg4 Nde3+ 38. Kf3 Rxd2 39. Bxe3 Rd3 40. Ke4 Rxe3+ 41. Kd5 Rxb3 42. Rc7+ Kf6 43. Rc8 Rb4 44. Rh8 Rd4# 0-1

[Event "EU-ch (Women) 11th"]
[Site "Rijeka"]
[Date "2010.03.15"]
[Round "9"]
[White "Batory, Lucija"]
[Black "Samanic, Verena"]
[Result "0-1"]
[WhiteElo "1575"]
[BlackElo "1607"]
[PlyCount "94"]
[EventDate "2010.03.06"]
[EventType "swiss"]
[EventRounds "11"]
[EventCountry "CRO"]
[SourceTitle "CBM 135 Extra"]
[Source "ChessBase"]
[SourceDate "2010.05.04"]
[SourceVersion "1"]
[SourceVersionDate "2010.05.04"]
[SourceQuality "1"]

1. e4 e5 2. Nf3 Nc6 3. Bb5 d6 4. h3 Bd7 5. Nc3 Nf6 6. d3 Be7 7. Bg5 0-0 8. 0-0 h6 9. Bh4 Rc8 10. Nh2 Nd4 11. Bc4 c6 12. a3 Rb8 13. Bg3 Be6 14. f4 exf4 15. Bxf4 Bxc4 16. dxc4 Ne6 17. Bg3 Rc8 18. e5 dxe5 19. Bxe5 Qxd1 20. Raxd1 Rfd8 21. Nf3 Kf8 22. Nd4 Nxd4 23. Bxd4 b6 24. Bxf6 Bxf6 25. Rfe1 Bxc3 26. Rxd8+ Rxd8 27. bxc3 c5 28. Kf1 Rd2 29. Re2 Rxe2 30. Kxe2 Ke7 31. Kd2 Ke6 32. Ke3 Ke5 33. a4 f5 34. g3 g5 35. Kf3 h5 36. Kf2 Ke4 37. Ke2 f4 38. Kf2 fxg3+ 39. Kxg3 Ke3 40. Kg2 Kf4 41. Kf2 g4 42. hxg4 hxg4 43. Kf1 Kf3 44. Kg1 g3 45. Kf1 g2+ 46. Kg1 a5 47. Kh2 Kf2 0-1

[Event "EU-ch (Women) 11th"]
[Site "Rijeka"]
[Date "2010.03.14"]
[Round "8"]
[White "Samanic, Verena"]
[Black "Starcevic, Andrea"]
[Result "0-1"]
[WhiteElo "1607"]
[BlackElo "1712"]
[PlyCount "104"]
[EventDate "2010.03.06"]
[EventType "swiss"]
[EventRounds "11"]
[EventCountry "CRO"]
[SourceTitle "CBM 135 Extra"]
[Source "ChessBase"]
[SourceDate "2010.05.04"]
[SourceVersion "1"]
[SourceVersionDate "2010.05.04"]
[SourceQuality "1"]

1. e4 c5 2. Nc3 d6 3. Nf3 Nf6 4. Be2 e6 5. d4 cxd4 6. Nxd4 a6 7. Nb3 Nc6 8. Bf4 Be7 9. 0-0 0-0 10. Qd3 e5 11. Be3 b5 12. a3 b4 13. Nd5 bxa3 14. Rxa3 Bb7 15. Nxe7+ Qxe7 16. f3 Rfd8 17. Bg5 h6 18. Bh4 d5 19. exd5 Nb4 20. Qf5 Nbxd5 21. Bd3 Bc8 22. Qe4 g5 23. Bxg5 hxg5 24. Qe1 Nf4 25. Bc4 Ng6 26. Bd3 Be6 27. Qe3 Nd5 28. Qf2 Nb4 29. Be4 Rac8 30. Ra5 f5 31. Bd3 Nxd3 32. cxd3 Bxb3 33. Rxa6 Bf7 34. Rfa1 Rxd3 35. Ra7 Rd7 36. R7a5 Rdc7 37. h3 Rc1+ 38. Kh2 Rxa1 39. Rxa1 Qc7 40. b4 Qc3 41. Rb1 Rb8 42. b5 Bc4 43. b6 Qd4 44. Qe1 Rxb6 45. Rxb6 Qxb6 46. Qc3 Qd4 47. Qc2 Qd3 48. Qa4 Bf7 49. Qa8+ Kg7 50. Qa1 Qe2 51. Qc3 Nf4 52. h4 Qxg2# 0-1

[Event "EU-ch (Women) 11th"]
[Site "Rijeka"]
[Date "2010.03.09"]
[Round "4"]
[White "Yusuphanova, Saida"]
[Black "Samanic, Verena"]
[Result "1-0"]
[WhiteElo "1843"]
[BlackElo "1607"]
[PlyCount "77"]
[EventDate "2010.03.06"]
[EventType "swiss"]
[EventRounds "11"]
[EventCountry "CRO"]
[SourceTitle "CBM 135 Extra"]
[Source "ChessBase"]
[SourceDate "2010.05.04"]
[SourceVersion "1"]
[SourceVersionDate "2010.05.04"]
[SourceQuality "1"]

1. e4 e5 2. Nc3 Bc5 3. Nf3 d6 4. d4 exd4 5. Nxd4 Ne7 6. Bc4 Nbc6 7. Nb3 Bb6 8. 0-0 0-0 9. a4 a6 10. Bg5 Qe8 11. Kh1 Ne5 12. Be2 Ba7 13. f4 N5g6 14. f5 Ne5 15. f6 N7g6 16. fxg7 Kxg7 17. Bf6+ Kg8 18. Qd2 Nd7 19. Nd5 Nxf6 20. Nxf6+ Kg7 21. Nxe8+ Rxe8 22. Qc3+ Kg8 23. Qxc7 Rf8 24. Qxd6 Be6 25. Qb4 Rab8 26. Nd4 Bxd4 27. Qxd4 Rfd8 28. Qf6 Rd2 29. Bd3 Rc8 30. Qg5 Rdxc2 31. Bxc2 Rxc2 32. h4 Kf8 33. Rad1 Rc8 34. Rd8+ Rxd8 35. Qxd8+ Kg7 36. Qf6+ Kg8 37. h5 Nf8 38. h6 Nd7 39. Qg7# 1-0

[Event "EU-ch (Women) 11th"]
[Site "Rijeka"]
[Date "2010.03.07"]
[Round "2"]
[White "Franciskovic, Borka"]
[Black "Samanic, Verena"]
[Result "1-0"]
[WhiteElo "2245"]
[BlackElo "1607"]
[PlyCount "117"]
[EventDate "2010.03.06"]
[EventType "swiss"]
[EventRounds "11"]
[EventCountry "CRO"]
[SourceTitle "CBM 135 Extra"]
[Source "ChessBase"]
[SourceDate "2010.05.04"]
[SourceVersion "1"]
[SourceVersionDate "2010.05.04"]
[SourceQuality "1"]

1. Nf3 d5 2. g3 Nc6 3. d4 g6 4. Bg2 Bg7 5. 0-0 Nf6 6. c4 e6 7. Nc3 0-0 8. Bf4 Ne7 9. Qc2 Nf5 10. Rad1 Re8 11. Nb5 Nd6 12. Nxd6 cxd6 13. cxd5 Nxd5 14. Bg5 Qa5 15. e4 Ne7 16. Qb3 Rb8 17. Bd2 Qd8 18. Qa3 a6 19. Bf4 Bd7 20. Bxd6 Rc8 21. Rfe1 Bb5 22. Bf1 Bxf1 23. Rxf1 Rc6 24. Be5 Bxe5 25. dxe5 Qc7 26. Qe3 Kg7 27. Qf4 Rc5 28. Rc1 h6 29. h4 Qa5 30. b4 Qxb4 31. Rb1 Qa5 32. Rxb7 Rc7 33. Rxc7 Qxc7 34. Rc1 Qd7 35. Qf6+ Kg8 36. Nh2 Rf8 37. Ng4 Kh7 38. Qf4 Ng8 39. Qxh6+ Nxh6 40. Nf6+ Kg7 41. Nxd7 Rd8 42. Rc7 Ng4 43. f3 Nh6 44. Kf2 Ng8 45. Ke2 a5 46. a4 Kh6 47. Nc5 Kg7 48. Nxe6+ Kh8 49. Nxd8 Nh6 50. Nxf7+ Nxf7 51. Rxf7 Kg8 52. e6 g5 53. Ke3 gxh4 54. gxh4 Kh8 55. Kf4 Kg8 56. Kg5 Kh8 57. Kg6 Kg8 58. f4 Kh8 59. Rf8# 1-0

[Event "EU-ch (Women) 11th"]
[Site "Rijeka"]
[Date "2010.03.06"]
[Round "1"]
[White "Samanic, Verena"]
[Black "Calzetta Ruiz, Monica"]
[Result "0-1"]
[WhiteElo "1607"]
[BlackElo "2296"]
[PlyCount "122"]
[EventDate "2010.03.06"]
[EventType "swiss"]
[EventRounds "11"]
[EventCountry "CRO"]
[SourceTitle "CBM 135 Extra"]
[Source "ChessBase"]
[SourceDate "2010.05.04"]
[SourceVersion "1"]
[SourceVersionDate "2010.05.04"]
[SourceQuality "1"]

1. e4 c5 2. Nc3 Nc6 3. Nf3 g6 4. Be2 Bg7 5. d3 Nf6 6. Be3 d6 7. 0-0 0-0 8. Qd2 Re8 9. d4 cxd4 10. Nxd4 Nxd4 11. Bxd4 Bd7 12. Rad1 Bc6 13. f3 a6 14. Rfe1 b5 15. a3 Rc8 16. e5 dxe5 17. Bxe5 Qxd2 18. Rxd2 Ne4 19. Nxe4 Bxe5 20. c3 Bf4 21. Rd3 a5 22. Nf2 f5 23. Bf1 Kf7 24. Rd4 Bc7 25. c4 Bb6 26. Rd2 b4 27. axb4 axb4 28. b3 e5 29. Red1 e4 30. fxe4 fxe4 31. Re2 Kg7 32. g3 e3 33. Nd3 Bf3 34. Nxb4 Bxe2 35. Bxe2 Bc5 36. Rd7+ Kh6 37. Nd3 Be7 38. h4 Ra8 39. Kg2 Ra2 40. Kf3 g5 41. hxg5+ Bxg5 42. b4 Rd2 43. Rb7 Ra8 44. Rb6+ Kg7 45. Nf4 Bxf4 46. gxf4 Raa2 47. Rb7+ Kg6 48. Rb6+ Kh5 49. Rb5+ Kh4 50. Rb7 h5 51. Kxe3 Rxe2+ 52. Kd4 Rad2+ 53. Kc5 Re4 54. Kb5 Rdd4 55. Rc7 Rxf4 56. Rc8 Kg4 57. c5 Rxb4+ 58. Ka6 Rf1 59. Ka5 Rb2 60. Rg8+ Kh4 61. Ka4 Ra1# 0-1